| 000 | 00618cam a2200193 4500 | ||
|---|---|---|---|
| 008 | 000000n2001 000 0 eng u | ||
| 020 | _a0198765568 | ||
| 035 | _a(Sirsi) u112925 | ||
| 050 | _a346.41043 | ||
| 100 | _aThompson, Mark P. | ||
| 245 | _aModern land law. | ||
| 260 |
_aOxford _bOxford University Press _c2001 |
||
| 300 | _axlii,475p. ; 25cm. | ||
| 350 | _a21.99 | ||
| 520 | _aAimed at students, the book provides an introduction to the basic principles and social context of modern land law including co-ownership and leasehold estates. | ||
| 650 | _aLAND LAW | ||
| 690 | _aPROPERTY | ||
| 942 | _n0 | ||
| 999 |
_c101479 _d101479 |
||